| 000 | 00587nam a22002057a 4500 | ||
|---|---|---|---|
| 003 | DO-SdBNP | ||
| 005 | 20221103155201.0 | ||
| 007 | ta | ||
| 008 | 221103b2022 dr ||||| |||| 00| 0 spa d | ||
| 020 | _a9789945636246 | ||
| 040 |
_aDO-SdBNP _bspa _cBNPHU |
||
| 082 | 4 | _222 | |
| 100 | 1 |
_aFuentes, Joel, _d1979- _982695 |
|
| 245 | 1 | 0 |
_a!Sí, claro que puedes¡ : _bvencer la adversidad y salir adelante es posible / _cJoel Fuentes |
| 260 |
_aSanto Domingo : _bBien-etre, _c2022. |
||
| 300 |
_a195 p. ; _c21 cm. |
||
| 590 | _aInventariado, 2022/BT | ||
| 910 | _aBtavárez | ||
| 942 |
_2ddc _cLBS1 |
||
| 999 |
_c52783 _d52783 |
||